|
|
|
|
| LEADER |
03146nam a2200721 a 4500 |
| 001 |
nkc20061648576 |
| 003 |
CZ PrNK |
| 005 |
20070418101419.0 |
| 007 |
ta |
| 008 |
060324s2006 xr a e c 000 0dcze |
| 015 |
|
|
|a cnb001648576
|
| 020 |
|
|
|a 80-7027-146-9
|q (váz.)
|
| 035 |
|
|
|a (OCoLC)137329223
|
| 040 |
|
|
|a OLA001
|b cze
|d BOA001
|
| 043 |
|
|
|a e-xr---
|a a-ja---
|
| 045 |
|
|
|a w7w7
|
| 072 |
|
7 |
|a 77
|x Fotografie. Fotografické postupy
|2 Konspekt
|9 21
|
| 080 |
|
|
|a 929.7
|2 MRF
|
| 080 |
|
|
|a 910.4-051
|2 MRF
|
| 080 |
|
|
|a 910.4
|2 MRF
|
| 080 |
|
|
|a 77:069.5
|2 MRF
|
| 080 |
|
|
|a 77.03
|2 MRF
|
| 080 |
|
|
|a 316.72/.75
|2 MRF
|
| 080 |
|
|
|a 686.82:77
|2 MRF
|
| 080 |
|
|
|a 82-94
|2 MRF
|
| 080 |
|
|
|a (437.3)
|2 MRF
|
| 080 |
|
|
|a (520)
|2 MRF
|
| 080 |
|
|
|a (083.824)
|2 MRF
|
| 100 |
1 |
|
|a Suchomel, Filip,
|d 1966-
|7 ola2002146292
|4 aut
|
| 245 |
1 |
0 |
|a Námořní deník Erwina Dubského :
|b sbírka albuminových fotografií ze 70. let 19. století z Japonska /
|c Filip Suchomel, Marcela Suchomelová
|
| 260 |
|
|
|a Brno :
|b Moravská galerie v Brně,
|c 2006
|
| 300 |
|
|
|a 245 s. :
|b il. (některé barev.) ;
|c 24 x 30 cm
|
| 500 |
|
|
|a Moravská galerie v Brně, Uměleckoprůmyslové muzeum 3. března 2006 - 21. května 2006, Zámek Lysice 1. července 2006 - 1. října 2006
|
| 504 |
|
|
|a Obsahuje bibliografii a bibliografické odkazy
|
| 600 |
1 |
7 |
|a Dubský, Erwin,
|c hrabě,
|d 1836-1909
|7 xx0042888
|2 czenas
|
| 648 |
|
7 |
|a 19. století
|7 ch460557
|2 czenas
|
| 648 |
|
7 |
|a 19.-20. století
|7 ch757015
|2 czenas
|
| 650 |
0 |
7 |
|a šlechtici
|7 ph127824
|z Česko
|y 19.-20. století
|2 czenas
|
| 650 |
0 |
7 |
|a cestovatelé
|7 ph119109
|z Česko
|y 19.-20. století
|2 czenas
|
| 650 |
0 |
7 |
|a cesty a pobyt
|7 ph137578
|z Japonsko
|y 19. století
|2 czenas
|
| 650 |
0 |
7 |
|a fotografické sbírky
|7 ph120328
|z Česko
|2 czenas
|
| 650 |
0 |
7 |
|a dokumentární fotografie
|7 ph119534
|z Japonsko
|y 19. století
|2 czenas
|
| 650 |
0 |
7 |
|a kultura a společnost
|7 ph122010
|z Japonsko
|y 19. století
|2 czenas
|
| 650 |
0 |
7 |
|a fotoalba
|7 ph187638
|z Česko
|y 19. století
|2 czenas
|
| 650 |
0 |
7 |
|a deníky
|7 ph321898
|z Česko
|y 19. století
|2 czenas
|
| 650 |
0 |
9 |
|a noblemen
|z Czechia
|y 19th-20th centuries
|2 eczenas
|
| 650 |
0 |
9 |
|a travellers
|z Czechia
|y 19th-20th centuries
|2 eczenas
|
| 650 |
0 |
9 |
|a voyages and travels
|z Japan
|y 19th century
|2 eczenas
|
| 650 |
0 |
9 |
|a photograph collections
|z Czechia
|2 eczenas
|
| 650 |
0 |
9 |
|a documentary photography
|z Japan
|y 19th century
|2 eczenas
|
| 650 |
0 |
9 |
|a culture and society
|z Japan
|y 19th century
|2 eczenas
|
| 650 |
0 |
9 |
|a photograph albums
|z Czechia
|y 19th century
|2 eczenas
|
| 650 |
0 |
9 |
|a diaries
|z Czechia
|y 19th century
|2 eczenas
|
| 655 |
|
7 |
|a katalogy výstav
|7 fd132536
|2 czenas
|
| 655 |
|
9 |
|a exhibition catalogs
|2 eczenas
|
| 700 |
1 |
|
|a Suchomelová, Marcela,
|d 1968-
|7 mzk2002148226
|4 aut
|
| 700 |
1 |
|
|a Dubský, Erwin,
|c hrabě,
|d 1836-1909
|7 xx0042888
|4 ant
|4 pht
|
| 856 |
4 |
1 |
|u http://www.digitalniknihovna.cz/mzk/uuid/uuid:e169fe40-8263-11e3-a6e0-005056827e52
|y Digitalizovaný dokument
|x NDK
|
| 910 |
2 |
|
|a BOA001
|b 3-1166.609
|
| 990 |
|
|
|a BK
|
| 995 |
|
|
|a 01
|
| 991 |
|
|
|b 200604
|c NOV
|
| 996 |
6 |
|
|b 2610276534
|c 3-1166.609
|l MZK
|r Sklad / do 1 hodiny
|n 26
|p p.v.
|w 000812525
|u 000010
|a 1
|e BOA001
|j MZK50
|s P
|